000 00543nam a2200169Ia 4500
008 090201s9999 xx 000 0 und d
010 _aKPL-59159
040 _bमराठी
041 _aमराठी
082 _a50588
_b59159
100 _aव. पु. काळे
245 _aमाझं माझ्यापाशी ?
_cव. पु. काळे
260 _c2006
_bऔदुंबर प्रकाशन
300 _a139
_bमध्यम
600 _aमाझं माझ्यापाशी ?
942 _cBOOK
999 _c247117
_d247117